| 000 | 00308nam a2200109 4500 | ||
|---|---|---|---|
| 008 | 180214b xxu||||| |||| 00| 0 eng d | ||
| 245 | _aAgri-tourism park brings in tourists to SoCot. | ||
| 260 |
_aPhilippines: _bSun Star Davao, _cc2017. |
||
| 300 | _apage 8. | ||
| 650 | 0 |
_926471 _aAgriculture. |
|
| 942 |
_2ddc _cPER |
||
| 999 |
_c8629 _d8629 |
||